Welcome to the Holygrace Academy Library

Please use search bar below to get started

IMPROVE YOUR PERSONALITY (Record no. 5506)

MARC details
000 -LEADER
fixed length control field 00274nam a22001217a 4500
082 ## - DEWEY DECIMAL CLASSIFICATION NUMBER
Classification number 158
Item number HAU/I
100 ## - MAIN ENTRY--AUTHOR NAME
Personal name HAUCK, PAUL
245 ## - TITLE STATEMENT
Title IMPROVE YOUR PERSONALITY
260 ## - PUBLICATION, DISTRIBUTION, ETC. (IMPRINT)
Place of publication LONDON
Name of publisher SHELDON PRESS
300 ## - PHYSICAL DESCRIPTION
Number of Pages 85
650 ## - SUBJECT ADDED ENTRY--TOPICAL TERM
Topical Term PERSONALITY DEVELOPMENT
Geographic subdivision LONDON
942 ## - ADDED ENTRY ELEMENTS (KOHA)
Koha item type Books
Holdings
Withdrawn status Lost status Collection code Home library Current library Shelving location Date acquired Source of acquisition Full call number Accession Number Koha item type
    Reference Main Library Main Library SHELF-17G-PERSONALITY DEVELOPMENT BOOKS 04/04/2006 PURCHASE 158 HAU/I 02074 Books